Pays d'Océanie - Drapeau - Statistiques

Statistiques générales
  • Ce quiz a été pris 105 fois
  • Le résultat moyen est 12 sur 14
Statistiques - réponses
Par images Réponse % Correct
Australie
100%
Nouvelle-Zélande
99%
Fidji
95%
Tonga
93%
Papouasie Nouvelle-Guinée
92%
Palaos
91%
Micronésie
89%
Vanuatu
87%
Samoa
86%
Kiribati
83%
Marshall
82%
Nauru
82%
Tuvalu
82%
Salomon
79%
Aucun quiz correspondant
Distribution des résultats
% des personnes avec chaque résultat
Percentile par nombre de réponses
Votre historique - résultats
Vous n’avez pas pris ce quiz